000 00201nam a2200073Ia 4500
008 191206s9999 xx 000 0 und d
090 _aPR93905A85
245 0 _aANTOLOGY OVER 100 WORKS BY ZIMBZBWE WOMEN WRITERS
999 _c15476
_d15476